000
00293nam a2200121Ia 4500
008
210430s9999 xx 000 0 und d
082
_a
301 H 8111 S
100
_a
Paul B.Horton
245
_a
Sociology
_c
Paul B.Horton
260
_a
Islamabad
_b
SCME
_c
1972
300
_a
631p
942
_c
BK
_2
ddc
999
_c
562824
_d
562824